Developing countries (Anglais > Français) - Statistiques

Statistiques générales
  • Ce quiz a été pris 9 fois
  • Le résultat moyen est 3 sur 56
Statistiques - réponses
Hint Réponse % Correct
child labour travail des enfants
100%
to be hungry avoir faim
50%
epidemic épidémie
50%
famine famine
50%
disease/illness maladie
50%
food aid aide alimentaire
0%
debt relief allégement des dettes
0%
illiteracy analphabétisme
0%
to write off a debt annuler une dette
0%
self-reliance autonomie
0%
World Bank Banque mondiale
0%
livestock bétail
0%
soft loan crédit à taux privilégié
0%
to squander dilapider
0%
donor donateur
0%
running/drinking water eau courante/potable
0%
gap écart/fossé
0%
to borrow from emprunter
0%
to be short of être à court de
0%
to be starving être affamé
0%
to be debt-ridden être criblé de dettes
0%
to be destitute être sans ressources
0%
credit facilities facilités de paiement
0%
to fund financer
0%
plague fléau
0%
International Monetary Fund Fonds monétaire international
0%
to curb freiner
0%
to flee fuir
0%
per capita/head habitant (par)
0%
flood inondation
0%
insolvency insolvabilité
0%
to sustain growth maintenir la croissance
0%
lack/shortage manque/pénurie
0%
to run out of manquer de
0%
raw materials matières premières
0%
ills maux
0%
to threaten menacer
0%
drastic measures mesures draconiennes
0%
poverty misère
0%
to feed nourrir
0%
aid/relief agency organisation humanitaire
0%
Non-Governmental Organization (NGO) Organisation non gouvernementale (ONG)
0%
host country pays d'accueil
0%
debtor country pays débiteur
0%
recovery plan plan de relance
0%
water hole/well point d'eau/puits
0%
air lift pont aérien
0%
hard loan prêt aux conditions du marché
0%
to provide for prévoir
0%
to close the gap rapprocher
0%
to pay back rembourser
0%
drought sécheresse
0%
relief secours
0%
emergency aid secours d'urgence
0%
to be rife sévir
0%
malnutrition sous-alimentation
0%
Aucun quiz correspondant
Distribution des résultats
% des personnes avec chaque résultat
Percentile par nombre de réponses
Votre historique - résultats
Vous n’avez pas pris ce quiz